000 00866nam a22002297a 4500
003 UA-OsUOA
001 135963
007 ta
008 20190225b un ||||| |||| 00| 0 ukr d
100 _aКостюнік О. В.
700 _aЧайковська Т. С.
090 _a657
_bК72
942 _cSA
040 _aUA-OsUOA
_bukr
_cUA-OsUOA
_dUA-OsUOA
245 _aОсобливості та відмінності обліку основних засобів за національними та міжнародними стандартами бухгалтерського обліку
300 _aС.35-38
955 _a0
041 _aukr
080 _a657
773 0 _w135958
_tЕкономіка. Фінанси. Право.
_dК.
_d2019
_g1
650 7 _a657 Бухгалтерія. Бухгалтерський облік. Рахівництво
_2UDC
999 _c420504
_d420504